000 00684nam a2200205 4500
001 149040
003 ES-MaACL
005 20250728192015.0
007 t|
008 070214s1966 sp r ||||1| spa d
100 1 _aSutton, O. G.
_9108889
245 1 3 _aLa ciencia de la meteorología /
_cO.G. Sutton ; traducción del inglés por Diego Hidalgo ; revisada por Francisco Elías.
260 _aMadrid :
_bRevista de Occidente,
_c[1966]
300 _a245 p. :
_bil. ;
_c22 cm.
650 0 7 _aMeteorología
_2embne
_915017
700 1 _aHidalgo, Diego,
_d1886-1961
_963566
700 1 _aElías, Francisco.
_946960
852 _aES-MaACL
_jC-29257
999 _c149040
_d149040